<?xml version="1.0" encoding="UTF-8"?>
<marc:record xmlns:marc="http://www.loc.gov/MARC21/slim">
   <marc:leader>00000nam a2200000 a 4500</marc:leader>
   <marc:datafield ind1="1" ind2=" " tag="100">
      <marc:subfield code="a">Eun-Chae, Seo</marc:subfield>
      <marc:subfield code="4">aut</marc:subfield>
      <marc:subfield code="e">Verfasser/-in</marc:subfield>
   </marc:datafield>
   <marc:datafield ind1="0" ind2="0" tag="245">
      <marc:subfield code="a">Die letzte Liebe der Hui-Wan</marc:subfield>
   </marc:datafield>
   <marc:datafield ind1="0" ind2="0" tag="245">
      <marc:subfield code="b">Roman</marc:subfield>
   </marc:datafield>
   <marc:datafield ind1=" " ind2="1" tag="264">
      <marc:subfield code="b">Aufbau Verlag  GmbH &amp; Co.KG.</marc:subfield>
      <marc:subfield code="c">2026</marc:subfield>
   </marc:datafield>
   <marc:datafield ind1="1" ind2=" " tag="520">
      <marc:subfield code="a">Was würdest du tun, wenn du nur noch eine Woche zu leben hättest? Hui-wan traut ihren Augen nicht, als ihre Jugendliebe Ramu vor ihr steht &#x96; war er doch vor Jahren gestorben, um sie zu retten. Und er kommt mit einer Botschaft: Hui-wan wird in sieben Tagen sterben! Ramu ist fest entschlossen, in dieser Woche mit ihr so einiges nachzuholen, was Hui-wan verpasst hat, weil sie ihr Leben seit seinem Tod nur noch auf Sparflamme gelebt hat...</marc:subfield>
   </marc:datafield>
   <marc:datafield ind1=" " ind2=" " tag="020">
      <marc:subfield code="a">9783351042745</marc:subfield>
      <marc:subfield code="9">9783351042745</marc:subfield>
   </marc:datafield>
</marc:record>
